[Event "31st Klatovy A 2025"]
[Site "Klatovy CZE"]
[Date "2025.06.28"]
[Round "1.8"]
[White "Hurtak, Otto"]
[Black "Mametev, Artem"]
[Result "0-1"]
[WhiteElo "1931"]
[BlackElo "2179"]
[PlyCount "138"]
[EventDate "2025.06.28"]
[EventType "swiss"]
[EventRounds "9"]
[EventCountry "CZE"]

1. c4 {[%emt 0:00:06]} Nf6 {[%emt 0:00:04]} 2. Nc3 {[%emt 0:00:15]} g6 {[%emt 0:00:04]} 3. e4 {[%emt 0:00:32]} d6 {[%emt 0:00:05]} 4. d4 {[%emt 0:00:25]} Bg7 {[%emt 0:00:05]} 5. Be2 {[%emt 0:00:14]} O-O {[%emt 0:00:30]} 6. Be3 {[%emt 0:00:18]} c5 {[%emt 0:07:13]} 7. e5 {[%emt 0:01:46]} dxe5 {[%emt 0:05:41]} 8. dxe5 {[%emt 0:01:10]} Qxd1+ {[%emt 0:03:18]} 9. Rxd1 {[%emt 0:00:44]} Ng4 {[%emt 0:01:48]} 10. Bxc5 {[%emt 0:03:43]} Nc6 {[%emt 0:07:37]} 11. Nf3 {[%emt 0:04:24]} b6 {[%emt 0:04:33]} 12. Ba3 {[%emt 0:01:09]} Ngxe5 {[%emt 0:15:46]} 13. O-O {[%emt 0:10:06]} Ba6 {[%emt 0:07:04]} 14. Nb5 {[%emt 0:15:10]} Rac8 {[%emt 0:02:42]} 15. b3 {[%emt 0:02:20]} Nxf3+ {[%emt 0:07:38]} 16. Bxf3 {[%emt 0:00:59]} Bxb5 {[%emt 0:00:08]} 17. cxb5 {[%emt 0:00:24]} Nd4 {[%emt 0:00:04]} 18. Bxe7 {[%emt 0:17:23]} Rfe8 {[%emt 0:00:05]} 19. Rfe1 {[%emt 0:05:47]} Nxb5 {[%emt 0:16:06]} 20. Kf1 {[%emt 0:10:55]} Nd4 {[%emt 0:06:44]} 21. Bg5 {[%emt 0:01:50]} Rxe1+ {[%emt 0:03:55]} 22. Rxe1 {[%emt 0:00:47]} h6 {[%emt 0:01:36]} 23. Be3 {[%emt 0:02:06]} Nxf3 {[%emt 0:04:55]} 24. gxf3 {[%emt 0:00:04]} Rc2 {[%emt 0:03:20]} 25. Re2 {[%emt 0:00:42]} Rc6 {[%emt 0:04:05]} 26. Rd2 {[%emt 0:05:25]} a6 {[%emt 0:07:59]} 27. Rd8+ {[%emt 0:01:17]} Kh7 {[%emt 0:00:25]} 28. Rb8 {[%emt 0:03:31]} b5 {[%emt 0:00:25]} 29. Rb6 {[%emt 0:01:55]} Rxb6 {[%emt 0:00:02]} 30. Bxb6 {[%emt 0:00:05]} Be5 {[%emt 0:00:04]} 31. h3 {[%emt 0:00:46]} Kg7 {[%emt 0:01:02]} 32. Ke2 {[%emt 0:00:54]} Kf6 {[%emt 0:00:04]} 33. Be3 {[%emt 0:06:38]} g5 {[%emt 0:00:28]} 34. Bc5 {[%emt 0:02:21]} Kf5 {[%emt 0:02:01]} 35. Be3 {[%emt 0:01:07]} Kg6 {[%emt 0:02:18]} 36. Bc5 {[%emt 0:00:54]} Kh5 {[%emt 0:00:36]} 37. Kf1 {[%emt 0:01:01]} f5 {[%emt 0:00:55]} 38. Be3 {[%emt 0:02:10]} Kh4 {[%emt 0:01:06]} 39. Kg2 {[%emt 0:00:06]} Bd6 {[%emt 0:00:16]} 40. Bd4 {[%emt 0:00:36]} Be7 {[%emt 0:04:13]} 41. Bg7 {[%emt 0:01:40]} Kh5 {[%emt 0:00:01]} 42. Bd4 {[%emt 0:00:08]} g4 {[%emt 0:00:16]} 43. fxg4+ {[%emt 0:04:25]} fxg4 {[%emt 0:00:04]} 44. f4 {[%emt 0:05:39]} gxh3+ {[%emt 0:00:31]} 45. Kxh3 {[%emt 0:00:05]} Kg6 {[%emt 0:00:03]} 46. Kg4 {[%emt 0:00:09]} h5+ {[%emt 0:00:06]} 47. Kf3 {[%emt 0:00:05]} Kf5 {[%emt 0:00:06]} 48. Bf2 {[%emt 0:00:36]} Bd8 {[%emt 0:04:13]} 49. a4 {[%emt 0:00:28]} b4 {[%emt 0:00:37]} 50. Bc5 {[%emt 0:01:41]} a5 51. Bf2 {[%emt 0:00:54]} h4 {[%emt 0:01:09]} 52. Be1 {[%emt 0:01:00]} h3 {[%emt 0:00:25]} 53. Bg3 {[%emt 0:00:25]} Bc7 {[%emt 0:01:31]} 54. Bh2 {[%emt 0:00:09]} Bb6 {[%emt 0:03:17]} 55. Bg3 {[%emt 0:01:20]} Bg1 {[%emt 0:00:33]} 56. Bh4 {[%emt 0:01:02]} h2 {[%emt 0:00:57]} 57. Kg2 {[%emt 0:00:04]} Bb6 {[%emt 0:00:04]} 58. Bg5 {[%emt 0:00:50]} Bc7 {[%emt 0:00:31]} 59. Kh1 {[%emt 0:00:37]} Ke4 {[%emt 0:00:55]} 60. Kg2 {[%emt 0:00:27]} Kd3 {[%emt 0:00:19]} 61. f5 {[%emt 0:01:57]} Kc2 {[%emt 0:00:11]} 62. Be7 {[%emt 0:00:58]} Kxb3 {[%emt 0:00:32]} 63. f6 {[%emt 0:00:22]} Be5 {[%emt 0:00:07]} 64. f7 {[%emt 0:00:30]} Bg7 {[%emt 0:00:03]} 65. f8=Q {[%emt 0:00:36]} Bxf8 {[%emt 0:00:04]} 66. Bxf8 {[%emt 0:00:04]} Kxa4 {[%emt 0:00:03]} 67. Kxh2 {[%emt 0:00:06]} Kb3 {[%emt 0:00:02]} 68. Kg2 {[%emt 0:00:14]} Kc2 {[%emt 0:00:06]} 69. Kf2 {[%emt 0:00:20]} b3 {[%emt 0:00:04]} 0-1

[Event "31st Klatovy A 2025"]
[Site "Klatovy CZE"]
[Date "2025.06.28"]
[Round "1.9"]
[White "Krivanek, Vladimir"]
[Black "Richter, Martin 1969"]
[Result "1-0"]
[WhiteElo "2172"]
[BlackElo "1928"]
[PlyCount "51"]
[EventDate "2025.06.28"]
[EventType "swiss"]
[EventRounds "9"]
[EventCountry "CZE"]

1. Nc3 {[%emt 0:00:04]} d5 {[%emt 0:00:26]} 2. e4 {[%emt 0:00:16]} d4 {[%emt 0:00:15]} 3. Nce2 {[%emt 0:00:10]} d3 {[%emt 0:01:52]} 4. cxd3 {[%emt 0:00:06]} Qxd3 {[%emt 0:00:08]} 5. Nc3 {[%emt 0:00:10]} Qd8 {[%emt 0:00:16]} 6. d4 {[%emt 0:00:12]} e6 {[%emt 0:02:56]} 7. Nf3 {[%emt 0:04:22]} Nc6 {[%emt 0:02:37]} 8. Bd3 {[%emt 0:05:35]} Nf6 {[%emt 0:04:45]} 9. O-O {[%emt 0:02:11]} Be7 {[%emt 0:01:03]} 10. Re1 {[%emt 0:00:22]} O-O {[%emt 0:01:12]} 11. a3 {[%emt 0:00:36]} a6 {[%emt 0:03:05]} 12. h3 {[%emt 0:04:49]} b6 {[%emt 0:01:36]} 13. d5 {[%emt 0:03:27]} exd5 {[%emt 0:07:02]} 14. exd5 {[%emt 0:01:58]} Nb8 {[%emt 0:01:30]} 15. Nd4 {[%emt 0:03:42]} Bb7 {[%emt 0:01:14]} 16. Nf5 {[%emt 0:00:51]} Re8 {[%emt 0:03:57]} 17. Bg5 {[%emt 0:01:05]} Nbd7 {[%emt 0:04:19]} 18. Qf3 {[%emt 0:01:36]} Bf8 {[%emt 0:28:03]} 19. Qg3 {[%emt 0:17:41]} Rxe1+ {[%emt 0:19:30]} 20. Rxe1 {[%emt 0:01:17]} g6 {[%emt 0:00:49]} 21. Re3 {[%emt 0:33:32]} Nh5 {[%emt 0:09:54]} 22. Qh4 {[%emt 0:18:32]} f6 {[%emt 0:00:54]} 23. Bh6 {[%emt 0:01:16]} Ne5 {[%emt 0:07:16]} 24. Be2 {[%emt 0:04:29]} Ng7 {[%emt 0:00:30]} 25. Nd4 {[%emt 0:07:12]} Bc8 {[%emt 0:09:55]} 26. Rxe5 {[%emt 0:01:15]} 1-0

[Event "31st Klatovy A 2025"]
[Site "Klatovy CZE"]
[Date "2025.06.28"]
[Round "1.11"]
[White "Verner, Matej"]
[Black "Martinkovic, Adam"]
[Result "0-1"]
[WhiteElo "2143"]
[BlackElo "1921"]
[PlyCount "56"]
[EventDate "2025.06.28"]
[EventType "swiss"]
[EventRounds "9"]
[EventCountry "CZE"]

1. Nf3 {[%emt 0:00:10]} Nf6 {[%emt 0:00:32]} 2. d4 {[%emt 0:00:01]} d5 {[%emt 0:00:59]} 3. c4 {[%emt 0:00:24]} c6 {[%emt 0:00:10]} 4. Nc3 {[%emt 0:00:11]} e6 {[%emt 0:02:11]} 5. e3 {[%emt 0:00:01]} Be7 {[%emt 0:00:36]} 6. Be2 {[%emt 0:02:31]} O-O {[%emt 0:01:12]} 7. O-O {[%emt 0:00:02]} Nbd7 {[%emt 0:01:14]} 8. Qc2 {[%emt 0:04:07]} b6 {[%emt 0:02:40]} 9. e4 {[%emt 0:01:40]} dxe4 {[%emt 0:04:12]} 10. Nxe4 {[%emt 0:00:02]} Bb7 {[%emt 0:02:12]} 11. Rd1 {[%emt 0:00:59]} Qc7 {[%emt 0:03:03]} 12. Bg5 {[%emt 0:06:40]} Rfe8 {[%emt 0:03:17]} 13. Nxf6+ {[%emt 0:03:30]} Bxf6 {[%emt 0:04:12]} 14. c5 {[%emt 0:01:24]} Bxg5 {[%emt 0:09:33]} 15. Nxg5 {[%emt 0:00:01]} Nf6 {[%emt 0:00:15]} 16. Bf3 {[%emt 0:09:51]} e5 {[%emt 0:07:16]} 17. cxb6 {[%emt 0:08:18]} Qxb6 {[%emt 0:01:38]} 18. Qc4 {[%emt 0:01:54]} Nd5 {[%emt 0:01:06]} 19. Ne4 {[%emt 0:10:45]} Ba6 {[%emt 0:11:52]} 20. Qc5 {[%emt 0:01:07]} exd4 {[%emt 0:04:59]} 21. Qxd4 {[%emt 0:01:03]} Rad8 {[%emt 0:01:50]} 22. Rac1 {[%emt 0:06:51]} Bb7 {[%emt 0:07:26]} 23. h3 {[%emt 0:07:10]} h6 {[%emt 0:10:46]} 24. Nc5 {[%emt 0:03:00]} Ne3 {[%emt 0:06:21]} 25. Nd7 {[%emt 0:01:56]} Nxd1 {[%emt 0:01:16]} 26. Nf6+ {[%emt 0:10:22]} gxf6 {[%emt 0:00:49]} 27. Qg4+ {[%emt 0:00:05]} Kf8 {[%emt 0:03:31]} 28. Bxd1 {[%emt 0:00:39]} Qd4 {[%emt 0:01:27]} 0-1

[Event "31st Klatovy A 2025"]
[Site "Klatovy CZE"]
[Date "2025.06.28"]
[Round "1.12"]
[White "Petrasek, Jiri"]
[Black "Pecka, Jan"]
[Result "0-1"]
[WhiteElo "1919"]
[BlackElo "2140"]
[PlyCount "90"]
[EventDate "2025.06.28"]
[EventType "swiss"]
[EventRounds "9"]
[EventCountry "CZE"]

1. e4 {[%emt 0:00:03]} e5 {[%emt 0:00:15]} 2. Nf3 {[%emt 0:00:10]} Nc6 {[%emt 0:00:27]} 3. Bc4 {[%emt 0:00:16]} Nf6 {[%emt 0:00:11]} 4. d3 {[%emt 0:00:19]} Be7 {[%emt 0:00:22]} 5. Nbd2 {[%emt 0:02:12]} O-O {[%emt 0:00:50]} 6. O-O {[%emt 0:00:30]} d6 {[%emt 0:00:06]} 7. c3 {[%emt 0:01:21]} Na5 {[%emt 0:00:15]} 8. Bb5 {[%emt 0:05:10]} a6 {[%emt 0:00:07]} 9. Ba4 {[%emt 0:00:13]} b5 {[%emt 0:00:10]} 10. Bc2 {[%emt 0:00:39]} c5 {[%emt 0:00:11]} 11. Re1 {[%emt 0:02:54]} Nc6 {[%emt 0:03:53]} 12. Nf1 {[%emt 0:03:49]} Re8 {[%emt 0:02:41]} 13. Ne3 {[%emt 0:07:55]} Bf8 {[%emt 0:08:48]} 14. a4 {[%emt 0:11:35]} Rb8 {[%emt 0:06:21]} 15. Bb3 {[%emt 0:06:54]} Na5 {[%emt 0:07:59]} 16. Ba2 {[%emt 0:03:16]} Be6 {[%emt 0:00:08]} 17. Ng5 {[%emt 0:14:50]} Bxa2 {[%emt 0:05:01]} 18. Rxa2 {[%emt 0:00:17]} Nc6 {[%emt 0:23:21]} 19. axb5 {[%emt 0:18:18]} axb5 {[%emt 0:00:51]} 20. Qb3 {[%emt 0:01:04]} Qd7 {[%emt 0:01:24]} 21. Ra6 {[%emt 0:02:16]} Nd8 {[%emt 0:06:43]} 22. Nd5 {[%emt 0:07:24]} Nxd5 {[%emt 0:00:51]} 23. Qxd5 {[%emt 0:00:38]} h6 {[%emt 0:00:37]} 24. Nf3 {[%emt 0:00:22]} Ne6 {[%emt 0:00:10]} 25. Be3 {[%emt 0:09:41]} Nc7 {[%emt 0:05:08]} 26. Qc6 {[%emt 0:00:17]} Qxc6 {[%emt 0:00:12]} 27. Rxc6 {[%emt 0:00:03]} Rec8 {[%emt 0:00:39]} 28. Kf1 {[%emt 0:04:43]} Ra8 {[%emt 0:01:51]} 29. Rc1 {[%emt 0:01:37]} Be7 {[%emt 0:12:08]} 30. d4 {[%emt 0:06:29]} exd4 {[%emt 0:00:09]} 31. cxd4 {[%emt 0:00:14]} c4 {[%emt 0:00:14]} 32. d5 {[%emt 0:05:14]} Ne8 {[%emt 0:05:48]} 33. Rb6 {[%emt 0:04:19]} Rcb8 {[%emt 0:01:23]} 34. Rxb8 {[%emt 0:00:31]} Rxb8 {[%emt 0:01:23]} 35. b3 {[%emt 0:00:25]} cxb3 {[%emt 0:02:18]} 36. Rb1 {[%emt 0:00:26]} Nf6 {[%emt 0:00:12]} 37. Nd4 {[%emt 0:04:28]} Nxe4 {[%emt 0:01:18]} 38. Rxb3 {[%emt 0:00:24]} Bg5 {[%emt 0:05:03]} 39. Bxg5 {[%emt 0:02:07]} hxg5 {[%emt 0:02:46]} 40. Rxb5 {[%emt 0:00:16]} Ra8 {[%emt 0:00:06]} 41. Nf3 {[%emt 0:04:58]} Ra1+ {[%emt 0:04:37]} 42. Ne1 {[%emt 0:00:18]} Rd1 {[%emt 0:00:27]} 43. Rb8+ {[%emt 0:01:46]} Kh7 {[%emt 0:00:21]} 44. Rb7 {[%emt 0:00:18]} Kg6 {[%emt 0:02:03]} 45. Rb4 {[%emt 0:00:31]} Nc5 {[%emt 0:01:27]} 0-1

[Event "31st Klatovy A 2025"]
[Site "Klatovy CZE"]
[Date "2025.06.28"]
[Round "1.13"]
[White "Tvrdik, Daniel"]
[Black "Sadil, Antonin"]
[Result "1-0"]
[WhiteElo "2140"]
[BlackElo "1907"]
[PlyCount "55"]
[EventDate "2025.06.28"]
[EventType "swiss"]
[EventRounds "9"]
[EventCountry "CZE"]

1. e4 c5 2. d4 cxd4 3. c3 d5 4. exd5 Qxd5 5. cxd4 Nc6 6. Nf3 e5 7. Nc3 Bb4 8. Bd2 Bxc3 9. Bxc3 exd4 10. Nxd4 Nf6 11. Qe2+ Qe4 12. Nxc6 Qxe2+ 13. Bxe2 bxc6 14. Bf3 Bb7 15. Bxf6 gxf6 16. O-O-O O-O 17. Rd7 Rab8 18. Re1 Rfd8 19. Ree7 Rxd7 20. Rxd7 a6 21. Rc7 Bc8 22. Rxc6 Kg7 23. Be2 Bb7 24. Rc7 Bxg2 25. Bxa6 Rd8 26. Bc4 Bd5 27. b4 Bxc4 28. Rxc4 1-0

[Event "31st Klatovy A 2025"]
[Site "Klatovy CZE"]
[Date "2025.06.28"]
[Round "1.14"]
[White "Lhotsky, Zdenek"]
[Black "Hacha, Ales"]
[Result "0-1"]
[WhiteElo "1907"]
[BlackElo "2139"]
[PlyCount "44"]
[EventDate "2025.06.28"]
[EventType "swiss"]
[EventRounds "9"]
[EventCountry "CZE"]

1. e4 d6 {[%emt 0:07:14]} 2. d4 {[%emt 0:00:39]} c6 {[%emt 0:00:19]} 3. g3 {[%emt 0:00:55]} e5 {[%emt 0:01:41]} 4. Bg2 {[%emt 0:09:34]} Nf6 {[%emt 0:02:39]} 5. Ne2 {[%emt 0:03:48]} Be7 {[%emt 0:00:56]} 6. O-O {[%emt 0:00:23]} O-O {[%emt 0:00:06]} 7. Nbc3 {[%emt 0:01:21]} Be6 {[%emt 0:03:07]} 8. h3 {[%emt 0:05:20]} Nbd7 {[%emt 0:13:14]} 9. b3 {[%emt 0:15:52]} Re8 {[%emt 0:06:35]} 10. f4 {[%emt 0:08:01]} Nf8 {[%emt 0:14:32]} 11. f5 {[%emt 0:14:01]} exd4 {[%emt 0:07:18]} 12. Nxd4 {[%emt 0:07:41]} Bd7 {[%emt 0:05:38]} 13. g4 {[%emt 0:04:22]} c5 {[%emt 0:05:46]} 14. Nde2 {[%emt 0:01:40]} Bc6 {[%emt 0:01:34]} 15. Nf4 {[%emt 0:04:17]} N6d7 {[%emt 0:02:04]} 16. Nfd5 {[%emt 0:03:24]} Bf6 {[%emt 0:02:26]} 17. Bb2 {[%emt 0:05:19]} Bd4+ {[%emt 0:03:09]} 18. Kh1 {[%emt 0:00:58]} Bxd5 {[%emt 0:04:32]} 19. exd5 {[%emt 0:00:07]} Qf6 {[%emt 0:00:07]} 20. Rf3 {[%emt 0:04:59]} Re7 {[%emt 0:02:57]} 21. Qc1 {[%emt 0:01:38]} Rae8 {[%emt 0:03:23]} 22. g5 {[%emt 0:03:02]} Ra8 {[%emt 0:00:15]} 0-1

[Event "31st Klatovy A 2025"]
[Site "Klatovy CZE"]
[Date "2025.06.28"]
[Round "1.15"]
[White "Vltavsky, Vladimir"]
[Black "Hronik, Petr 1980"]
[Result "1-0"]
[WhiteElo "2122"]
[BlackElo "1905"]
[PlyCount "67"]
[EventDate "2025.06.28"]
[EventType "swiss"]
[EventRounds "9"]
[EventCountry "CZE"]

1. d4 {[%emt 0:06:34]} d5 {[%emt 0:05:59]} 2. Nf3 {[%emt 0:00:35]} Nf6 {[%emt 0:00:16]} 3. c4 {[%emt 0:00:04]} dxc4 {[%emt 0:02:14]} 4. Qa4+ {[%emt 0:00:22]} c6 {[%emt 0:00:25]} 5. Qxc4 {[%emt 0:00:05]} Qd5 {[%emt 0:01:12]} 6. Qc2 {[%emt 0:00:13]} Bf5 {[%emt 0:01:10]} 7. Qa4 {[%emt 0:00:14]} Bxb1 {[%emt 0:03:18]} 8. Rxb1 {[%emt 0:00:08]} Qf5 {[%emt 0:00:19]} 9. Ra1 {[%emt 0:01:03]} Nbd7 {[%emt 0:04:04]} 10. Qb3 {[%emt 0:01:09]} Qb5 {[%emt 0:01:52]} 11. Qc2 {[%emt 0:02:07]} e6 {[%emt 0:00:32]} 12. e3 {[%emt 0:01:29]} Qa5+ {[%emt 0:00:46]} 13. Nd2 {[%emt 0:00:16]} Be7 {[%emt 0:02:28]} 14. Be2 {[%emt 0:07:01]} O-O {[%emt 0:00:42]} 15. O-O {[%emt 0:00:15]} Rac8 {[%emt 0:00:34]} 16. Bf3 {[%emt 0:01:50]} Rfd8 {[%emt 0:04:23]} 17. a3 {[%emt 0:01:16]} Qc7 {[%emt 0:06:59]} 18. b4 {[%emt 0:00:48]} b6 {[%emt 0:02:14]} 19. Bb2 {[%emt 0:00:30]} c5 {[%emt 0:01:36]} 20. dxc5 {[%emt 0:00:27]} bxc5 {[%emt 0:00:28]} 21. b5 {[%emt 0:00:14]} Ne5 {[%emt 0:04:03]} 22. Be2 {[%emt 0:00:14]} Nfg4 {[%emt 0:06:40]} 23. g3 {[%emt 0:01:52]} Rd7 {[%emt 0:09:18]} 24. Rad1 {[%emt 0:09:41]} Rcd8 {[%emt 0:07:47]} 25. Ne4 {[%emt 0:00:24]} f5 {[%emt 0:08:11]} 26. Nc3 {[%emt 0:01:03]} h5 {[%emt 0:11:06]} 27. Rxd7 {[%emt 0:02:47]} Rxd7 {[%emt 0:00:30]} 28. Rd1 {[%emt 0:00:05]} Rxd1+ {[%emt 0:00:29]} 29. Nxd1 {[%emt 0:00:49]} Bd6 {[%emt 0:05:00]} 30. f4 {[%emt 0:00:53]} Nd7 {[%emt 0:03:17]} 31. Bc4 {[%emt 0:00:21]} Nf8 {[%emt 0:13:23]} 32. Qxf5 {[%emt 0:01:14]} Qf7 {[%emt 0:01:50]} 33. Qd3 {[%emt 0:01:08]} Be7 {[%emt 0:00:37]} 34. f5 {[%emt 0:01:06]} 1-0

[Event "31st Klatovy A 2025"]
[Site "Klatovy CZE"]
[Date "2025.06.28"]
[Round "1.16"]
[White "Slansky, Jachym"]
[Black "Pokorny, Jiri 2007"]
[Result "1/2-1/2"]
[WhiteElo "1878"]
[BlackElo "2122"]
[PlyCount "137"]
[EventDate "2025.06.28"]
[EventType "swiss"]
[EventRounds "9"]
[EventCountry "CZE"]

1. e4 {[%emt 0:00:02]} e6 {[%emt 0:00:07]} 2. d4 {[%emt 0:00:29]} d5 {[%emt 0:00:10]} 3. exd5 {[%emt 0:00:33]} exd5 {[%emt 0:00:10]} 4. Nf3 {[%emt 0:00:15]} Bd6 {[%emt 0:00:07]} 5. c4 {[%emt 0:00:20]} Nf6 {[%emt 0:00:12]} 6. c5 {[%emt 0:00:36]} Be7 {[%emt 0:00:06]} 7. Nc3 {[%emt 0:04:53]} b6 {[%emt 0:00:17]} 8. cxb6 {[%emt 0:01:02]} axb6 {[%emt 0:00:13]} 9. Be2 {[%emt 0:02:30]} O-O {[%emt 0:01:05]} 10. O-O {[%emt 0:00:44]} c5 {[%emt 0:06:19]} 11. h3 {[%emt 0:05:46]} c4 {[%emt 0:07:49]} 12. Bf4 {[%emt 0:08:28]} Bf5 {[%emt 0:11:48]} 13. Bxb8 {[%emt 0:10:38]} Qxb8 {[%emt 0:02:47]} 14. Ne5 {[%emt 0:03:16]} Bd6 {[%emt 0:27:40]} 15. Bf3 {[%emt 0:11:10]} Bxe5 {[%emt 0:02:06]} 16. dxe5 {[%emt 0:00:31]} Qxe5 {[%emt 0:01:26]} 17. Bxd5 {[%emt 0:13:31]} Rad8 {[%emt 0:04:33]} 18. Re1 {[%emt 0:02:04]} Qf4 {[%emt 0:03:42]} 19. g3 {[%emt 0:22:45]} Qh6 {[%emt 0:07:29]} 20. Qf3 {[%emt 0:03:08]} Nxd5 {[%emt 0:01:09]} 21. Nxd5 {[%emt 0:01:15]} Bxh3 {[%emt 0:01:39]} 22. Rad1 {[%emt 0:07:34]} Kh8 {[%emt 0:03:40]} 23. Rd4 {[%emt 0:06:37]} Be6 {[%emt 0:00:44]} 24. Red1 {[%emt 0:00:46]} b5 {[%emt 0:01:53]} 25. Nc7 {[%emt 0:11:18]} Rxd4 {[%emt 0:11:42]} 26. Rxd4 {[%emt 0:00:09]} Kg8 {[%emt 0:02:58]} 27. Nxe6 {[%emt 0:05:05]} fxe6 {[%emt 0:03:21]} 28. Qe2 {[%emt 0:01:26]} Qg6 {[%emt 0:04:12]} 29. a3 {[%emt 0:02:19]} Qf5 {[%emt 0:00:58]} 30. Re4 {[%emt 0:01:11]} Re8 {[%emt 0:02:08]} 31. Rf4 {[%emt 0:02:21]} Qd5 {[%emt 0:00:38]} 32. Re4 {[%emt 0:01:02]} e5 {[%emt 0:01:34]} 33. Qh5 {[%emt 0:01:19]} g6 {[%emt 0:01:18]} 34. Qe2 {[%emt 0:00:04]} Kg7 {[%emt 0:04:10]} 35. Qe3 {[%emt 0:01:49]} Qd3 {[%emt 0:03:24]} 36. Qe1 {[%emt 0:00:35]} Kf6 {[%emt 0:00:56]} 37. Re3 {[%emt 0:00:19]} Qd5 {[%emt 0:01:51]} 38. Qe2 {[%emt 0:00:22]} Rd8 {[%emt 0:02:01]} 39. Rf3+ {[%emt 0:01:00]} Ke6 {[%emt 0:01:39]} 40. Qe3 {[%emt 0:00:27]} Qd1+ {[%emt 0:01:16]} 41. Kg2 {[%emt 0:00:04]} Qd5 {[%emt 0:02:36]} 42. Qb6+ {[%emt 0:00:42]} Kd7 {[%emt 0:02:32]} 43. Qa7+ {[%emt 0:00:16]} Kc6 {[%emt 0:02:08]} 44. Qxh7 {[%emt 0:01:01]} e4 {[%emt 0:02:01]} 45. Qxg6+ {[%emt 0:00:29]} Rd6 {[%emt 0:01:27]} 46. Qe8+ {[%emt 0:00:02]} Kb6 {[%emt 0:00:30]} 47. Re3 {[%emt 0:00:50]} Re6 {[%emt 0:00:03]} 48. Qb8+ {[%emt 0:00:17]} Ka6 {[%emt 0:00:44]} 49. Qc8+ {[%emt 0:00:05]} Ka5 {[%emt 0:00:54]} 50. Qc7+ {[%emt 0:00:57]} Ka6 {[%emt 0:00:11]} 51. Qc8+ {[%emt 0:00:34]} Kb6 {[%emt 0:00:19]} 52. Qb8+ {[%emt 0:00:21]} Kc6 {[%emt 0:01:20]} 53. Qa8+ {[%emt 0:00:22]} Kc5 {[%emt 0:00:21]} 54. Qxd5+ {[%emt 0:00:48]} Kxd5 {[%emt 0:00:08]} 55. g4 {[%emt 0:00:24]} Ke5 {[%emt 0:01:14]} 56. f3 {[%emt 0:00:24]} Kf4 {[%emt 0:00:12]} 57. Rxe4+ {[%emt 0:00:27]} Rxe4 {[%emt 0:00:10]} 58. fxe4 {[%emt 0:00:06]} Kxg4 {[%emt 0:00:10]} 59. Kf2 {[%emt 0:01:02]} Kf4 {[%emt 0:00:15]} 60. Ke2 {[%emt 0:00:29]} Kxe4 {[%emt 0:01:21]} 61. Kd2 {[%emt 0:01:43]} Kd4 {[%emt 0:00:08]} 62. Kc2 {[%emt 0:00:09]} Kd5 {[%emt 0:00:31]} 63. b3 {[%emt 0:01:07]} Kd4 {[%emt 0:00:17]} 64. a4 {[%emt 0:00:35]} bxa4 {[%emt 0:00:20]} 65. bxa4 {[%emt 0:00:10]} Kd5 {[%emt 0:00:10]} 66. Kc3 {[%emt 0:00:04]} Kc5 {[%emt 0:00:07]} 67. a5 {[%emt 0:00:12]} Kb5 {[%emt 0:00:09]} 68. a6 {[%emt 0:00:06]} Kxa6 {[%emt 0:00:05]} 69. Kxc4 {[%emt 0:00:05]} 1/2-1/2

[Event "31st Klatovy A 2025"]
[Site "Klatovy CZE"]
[Date "2025.06.28"]
[Round "1.17"]
[White "Vysinsky, Otakar"]
[Black "Bobrakov Timoskin, Alexandr 1978"]
[Result "1-0"]
[WhiteElo "2116"]
[BlackElo "1868"]
[PlyCount "69"]
[EventDate "2025.06.28"]
[EventType "swiss"]
[EventRounds "9"]
[EventCountry "CZE"]

1. e4 {[%emt 0:00:25]} c5 {[%emt 0:00:32]} 2. Nc3 {[%emt 0:01:49]} Nc6 {[%emt 0:00:16]} 3. g3 {[%emt 0:00:13]} d6 {[%emt 0:04:19]} 4. Bg2 {[%emt 0:00:14]} g6 {[%emt 0:00:12]} 5. d3 {[%emt 0:00:16]} Bg7 {[%emt 0:00:15]} 6. f4 {[%emt 0:01:28]} Nf6 {[%emt 0:01:15]} 7. Nf3 {[%emt 0:01:03]} O-O {[%emt 0:06:16]} 8. O-O {[%emt 0:01:03]} a6 {[%emt 0:01:43]} 9. h3 {[%emt 0:06:27]} Qc7 {[%emt 0:04:14]} 10. Be3 {[%emt 0:07:53]} Rb8 {[%emt 0:01:28]} 11. g4 {[%emt 0:02:37]} b5 {[%emt 0:02:02]} 12. Ne2 {[%emt 0:06:14]} Bb7 {[%emt 0:08:46]} 13. Ng3 {[%emt 0:03:16]} Nd7 {[%emt 0:05:20]} 14. Qc1 {[%emt 0:05:33]} Rbc8 {[%emt 0:09:57]} 15. f5 {[%emt 0:08:28]} Nd4 {[%emt 0:06:20]} 16. c3 {[%emt 0:10:42]} Nxf3+ {[%emt 0:02:20]} 17. Bxf3 {[%emt 0:00:17]} Ne5 {[%emt 0:02:31]} 18. Be2 {[%emt 0:00:56]} d5 {[%emt 0:02:18]} 19. Qe1 {[%emt 0:11:57]} dxe4 {[%emt 0:07:08]} 20. dxe4 {[%emt 0:00:59]} Rfd8 {[%emt 0:04:42]} 21. Qf2 {[%emt 0:09:44]} Nd3 {[%emt 0:11:32]} 22. Bxd3 {[%emt 0:00:11]} Rxd3 {[%emt 0:00:05]} 23. Bf4 {[%emt 0:10:41]} Be5 {[%emt 0:03:50]} 24. Kg2 {[%emt 0:17:08]} Rcd8 {[%emt 0:05:05]} 25. Rae1 {[%emt 0:00:24]} Bxf4 {[%emt 0:01:32]} 26. Qxf4 {[%emt 0:00:42]} Rd2+ {[%emt 0:01:03]} 27. Kf3 {[%emt 0:04:32]} R8d3+ {[%emt 0:01:16]} 28. Re3 {[%emt 0:00:12]} Qxf4+ {[%emt 0:00:12]} 29. Kxf4 {[%emt 0:00:02]} g5+ {[%emt 0:00:11]} 30. Kf3 {[%emt 0:00:40]} Rxe3+ {[%emt 0:03:23]} 31. Kxe3 {[%emt 0:00:35]} Rxb2 {[%emt 0:00:04]} 32. Rd1 {[%emt 0:01:04]} Rc2 {[%emt 0:02:44]} 33. f6 {[%emt 0:05:55]} exf6 {[%emt 0:02:10]} 34. Rd8+ {[%emt 0:00:11]} Kg7 {[%emt 0:00:11]} 35. Nf5+ {[%emt 0:00:05]} 1-0